000 00430nam a2200145Ia 4500
008 211109s9999||||xx |||||||||||||| ||und||
082 _a894.8123
_bNAN-U
100 _aNandanar,
245 0 _aUnnikuttinte Oru Divasam
260 _bCurrent Books
_aTrichur
_c1966
300 _a250p.
630 _xGeneral Stack
650 _aMalayalam Literature
_vMalayalam FictionMalayalam NovelMalayalam Shot Stories
_xMalayalam
942 _cBOOK
999 _c30368
_d30368